|
|
|
|
| LEADER |
00000cam a22000005a 4500 |
| 001 |
vtls009918440 |
| 003 |
SK-MaSNL |
| 005 |
20260301130704.0 |
| 008 |
240318s1978 xr 000 0 slo |
| 040 |
|
|
|a SNK
|b slo
|c SNK
|e AACR2
|
| 041 |
0 |
|
|a slo
|
| 044 |
|
|
|a xr
|c CZ
|
| 080 |
|
|
|a 327
|2 1981
|
| 080 |
|
|
|a 355.58
|2 1981
|
| 100 |
1 |
|
|a Němeček, Josef
|4 aut
|9 349657
|
| 245 |
1 |
0 |
|a Jednota mierového úsilia a posilňovanie obranyschopnosti socialistických krajín
|b obsahovo metodická pomôcka k vojenskopolitickej téme POCO na rok 1979
|c Josef Němeček a kol.
|
| 250 |
|
|
|a 1. vyd.
|
| 260 |
|
|
|a Praha
|b Horizont
|c 1978
|
| 300 |
|
|
|a 27 s.
|
| 650 |
0 |
7 |
|a obrana vlasti
|x socialistické krajiny.
|2 hŠVKBB
|9 478798
|
| 852 |
|
|
|a Slovenská národná knižnica v Martine
|b 10000
|h SC 45035
|
| 958 |
|
|
|a RKAT
|
| 958 |
|
|
|a OND
|
| 999 |
|
|
|c 745639
|d 747569
|
| 952 |
|
|
|a SNK
|b SNK
|y VYP
|7 0
|p 17A1149939
|o snkSC 45035 D1
|i snkKIP 8616/78
|3 rekatalogizácia
|0 0
|1 0
|4 0
|d 2016-02-17
|l 0
|r 2026-02-23 23:14:53
|w 2026-02-23
|